| 000 | 01628nam a2200349 a 4500 | ||
|---|---|---|---|
| 999 |
_c146248 _d146248 |
||
| 003 | BLK | ||
| 005 | 20250705103331.0 | ||
| 008 | 180410b bul|||||r ||||||| ||bul|| | ||
| 010 | _aKNG00152434000 | ||
| 040 | _aBLK | ||
| 041 |
_aBUL _cBUL |
||
| 080 |
_aПолска литература _b821.162.1 _x-93-34 _z821.162.1-93-34 |
||
| 139 |
_aДлугошевски, Б. М. _bД 64 |
||
| 245 | 1 | 0 |
_aДяволът без късмет и други приказки _bПол. нар. приказки _cпреразк. Б. М. Длугошевски; прев. от пол. Ани Божкова; худож. Христо Кърджилов. |
| 257 | _aPOL | ||
| 260 |
_aСофия _bБълг. художник _c1989 _fСофия : ДП Балкан |
||
| 300 |
_a207 с. _bс цв. ил. _c24 см |
||
| 380 | _aDX | ||
| 500 | _aОриг. загл. O niefortunnym diable i inne basnie / B. M. Diugoszewski. - Авт. не е отбелязан на кор. - Без тир. | ||
| 653 | _aдетска литература | ||
| 653 | _aлитература за деца | ||
| 700 | 1 |
_aДлугошевски, Б. М. _eпреразк. _963461 |
|
| 700 | 1 |
_aБожкова, Ани _eпрев. от пол. _9329119 |
|
| 700 | 1 |
_aКърджилов, Христо _eхудож. _9379212 |
|
| 852 | _aЦб 262819 | ||
| 856 | 4 |
_qpdf _i2.05 _ldisable |
|
| 856 | 4 |
_qpdf _i2.05 _ldisable |
|
| 942 |
_cKNG _n0 _03 _s1 |
||
| 944 |
_aCR _c23.10.2013 _lЦветелина Шанова _k30531 |
||
| 944 |
_aED _c28.09.2017 _l23.10.2013 - от С1,Р / 23.10.2013 _kКети_Илиева |
||
| 999 | _d146248 | ||